Normal view MARC view
  • Income tax

Entry Topical Term

Number of records used in: 3

001 - CONTROL NUMBER

  • control field: 185

003 - CONTROL NUMBER IDENTIFIER

  • control field: OSt

005 - DATE AND TIME OF LATEST TRANSACTION

  • control field: 20170413142307.0

008 - FIXED-LENGTH DATA ELEMENTS

  • fixed length control field: 170413|| aca||aabn | a|a d

040 ## - CATALOGING SOURCE

  • Original cataloging agency: OSt
  • Transcribing agency: OSt

150 ## - HEADING--TOPICAL TERM

  • Topical term or geographic name entry element: Income tax
  • Geographic subdivision: Malaysia

670 ## - SOURCE DATA FOUND

  • Source citation: Work cat.: (OSt)0: Jeyapalan Kasipillai 181, A comprehensive guide to Malaysian taxation :, 2005
Pusat Sumber Maklumat Dato' Haji Sarmin Md Hussin, Akademi Kastam Diraja Malaysia, Melaka
Tel: 06-2331106 | Faks: 06-2313787